| 000 | 01898naa a2200445 i 4500 | ||
|---|---|---|---|
| 003 | EG-GICUC | ||
| 005 | 20260121101439.0 | ||
| 008 | 251207s1927 fr o|||fr|||| 001 0 fre d | ||
| 040 |
_aEG-GiCUC _bfre _cEG-GiCUC _dEG-GiCUC _eRda |
||
| 041 | _afre | ||
| 082 | 0 | 4 |
_221 _a341.1 _bRE |
| 092 | 0 | 4 | _221 |
| 099 | _aLaw1 11 341.1 RE 1927 | ||
| 245 | 0 | 0 |
_aRecueil des cours. _n1926, Tome 12. |
| 264 | 1 |
_aParis : _bHachette, _c1927. |
|
| 300 |
_a596 page : _bPhotographs ; _c24 cm. |
||
| 336 |
_2rda contenu _a texte |
||
| 337 |
_2rda medias _aOrdinateur |
||
| 338 |
_2 transporteur rda _a Ressource en ligne |
||
| 490 | 1 |
_aAcadémie de droit international ; _v1926, t.12. |
|
| 500 | _a"1926 II." | ||
| 500 | _aAt head of title: Académie de droit international. | ||
| 504 | _aIncludes bibliographical references and index. | ||
| 505 |
_aContient les cours de l'Académie y compris : _ta jurisprudence de la cour permanente de justice internationale / _rpar Gabriele Salvioli -- _tLes immunités diplomatiques / _rpar Cecil Hurst -- _tLa compétence des tribunaux a raison d'infractions commises hors du territoire / _rpar Sigismond Cybichowski -- _tDe la protection internationale des droits sur les oeuvres littéraires et artistiques / _rpar Francesco Ruffini. |
||
| 546 | _aTexte en français | ||
| 650 | 1 | _aDroit international | |
| 650 | 1 | 4 | _aDiplomatie |
| 650 | 1 | 4 | _aDroit pénal international |
| 650 | 1 | 4 | _aTribunaux internationaux |
| 651 | 1 | _2qrmak | |
| 700 | 1 |
_aSalvioli, Gabriele, _eAuteur |
|
| 700 | 1 |
_aHurst, C. J. B., _d1870-1963. _eAuteur |
|
| 700 | 1 |
_aCybichowski, Zygmunt, _d1879-1944, _eAuteur |
|
| 700 | 1 |
_aRuffini, Francesco, _d1863-1934. _eAuteur |
|
| 710 | _aACADÉMIE DE DROIT INTERNATIONAL. | ||
| 830 | 0 |
_arecueil des cours ; _v1926, Tome 12. |
|
| 856 | 4 | 0 | _uhttps://fll.law.cu.edu.eg/fulltext/bks/B11-05167.pdf |
| 905 |
_a75 _eHassnaa |
||
| 942 |
_2ddc _n0 _cBK _e21 |
||
| 999 |
_c48935 _d48935 |
||